000 00289nam a22001337a 4500
008 171124b xxu||||| |||| 00| 0 eng d
020 _a9780131495135
041 _aeng
080 _a54
100 _a12
101 _aKIM
245 _aINTRODUCTORY CHEMISTRY
_cTRO, N.J
942 _2udc
_cBK
999 _c38476
_d38476